Liczenie Po Hiszpańsku do 20 - Statystyki

Ogólne statystyki
  • Ten quiz został rozwiązany 274 razy
  • Średni wynik to 12 z 20
Statystyki odpowiedzi
Liczby % Poprawnych
Uno
100%
Dos
97%
Tres
95%
Ocho
70%
Siete
68%
Cinco
67%
Cuatro
65%
Seis
63%
Diez
62%
Nueve
62%
Once
48%
Trece
47%
Doce
46%
Catorce
41%
Quince
40%
Veinte
39%
Dieciseis
38%
Diecisiete
38%
Diecinueve
36%
Dieciocho
36%
Nie znaleziono quizów pasujących do podanych kryteriów
Rozkład punktacji
Procent ludzi z każdym wynikiem
Percentyl według liczby udzielonych odpowiedzi
Twoja historia wyników
Nie rozwiązałeś tego quizu